LIBRARY & INFORMATION CENTRE, KCAET, TAVANUR

ONLINE PUBLIC ACCESS CATALOGUE (OPAC)

Soil fertility and nutrient management in horticulture / (Record no. 15434)

MARC details
000 -LEADER
fixed length control field 00389nam a22001337a 4500
020 ## - INTERNATIONAL STANDARD BOOK NUMBER
ISBN 9789386546098
082 ## - DEWEY DECIMAL CLASSIFICATION NUMBER
Classification number 631.4
Item number SAR/SO
100 ## - MAIN ENTRY--AUTHOR NAME
Personal name Sarangi , chittaranjanam .
245 ## - TITLE STATEMENT
Title Soil fertility and nutrient management in horticulture /
260 ## - PUBLICATION, DISTRIBUTION, ETC. (IMPRINT)
Place of publication New delhi :
Name of publisher New india publishing agency ,
Year of publication 2018 .
300 ## - PHYSICAL DESCRIPTION
Number of Pages 136 ; .
700 ## - ADDED ENTRY--PERSONAL NAME
Personal name Santra ,gour hari .
942 ## - ADDED ENTRY ELEMENTS (KOHA)
Koha item type Books

No items available.

free website counter